Estudio del proyecto Hidroeléctrico de Huacas a nivel de reconocimiento
Gardado en:
| Autor Principal: | |
|---|---|
| Formato: | Desconocido |
| Publicado: |
[San José, Costa Rica]
1974
|
| Materias: | |
| Etiquetas: |
Engadir etiqueta
Sen Etiquetas, Sexa o primeiro en etiquetar este rexistro!
|
MARC
| LEADER | 00000 a2200000 4500 | ||
|---|---|---|---|
| 003 | 011476 | ||
| 005 | 20221231143808.0 | ||
| 008 | 140114s1974 c a m 000 ||s d | ||
| 040 | |c cru CEDI | ||
| 090 | |a TFG 558 | ||
| 100 | |a Rodríguez Chaverri, Luis Alberto |9 16703 | ||
| 245 | |a Estudio del proyecto Hidroeléctrico de Huacas a nivel de reconocimiento | ||
| 260 | |c 1974 |a [San José, Costa Rica] | ||
| 300 | |a 37 hojas : ilustraciones gráficos | ||
| 500 | |a Tesis (Ingenieria Civil) Universidad de Costa Rica. | ||
| 650 | |x PROYECTO HIDROELECTRICO DE HUACAS (PANAMA) |x DESARROLLO DE RECURSOS HIDRICOS |x ENERGIA ELECTRICA - PRODUCCION |9 16704 | ||
| 942 | |c TFG | ||
| 999 | |c 12098 |d 12098 | ||
